Southville International School and Colleges
Your cart is empty.
  • Cart
  • Lists
    Public lists Eva Luna New books Lux_list list_1
    Your lists Log in to create your own lists
  • Log in to your account
  • Your cookies
  • Search history
Southville International School and Colleges
  • Advanced search
  • Recent comments
  • Most popular
  • Libraries

Log in to your account

Log in with GOOGLE


If you do not have an external account, but do have a local account, you can still log in:

  1. Home
  2. MARC view: An analysis on the concentration of musa acuminata peel as an additive to particle board durability
Normal view MARC view ISBD view

An analysis on the concentration of musa acuminata peel as an additive to particle board durability (Record no. 365532)

[ view plain ]
MARC details
000 -LEADER
fixed length control field 00923nam a22002417a 4500
003 - CONTROL NUMBER IDENTIFIER
control field 0
005 - DATE AND TIME OF LATEST TRANSACTION
control field 20250626114112.0
008 - FIXED-LENGTH DATA ELEMENTS--GENERAL INFORMATION
fixed length control field 231018b xxu||||| |||| 00| 0 eng d
050 ## - LIBRARY OF CONGRESS CALL NUMBER
Classification number PHS TA 418.9.C6
Item number .C36 2023
100 ## - MAIN ENTRY--PERSONAL NAME
Personal name Camello, Gabriel Tristan
245 ## - TITLE STATEMENT
Title An analysis on the concentration of musa acuminata peel as an additive to particle board durability
Statement of responsibility, etc Gabriel Tristan Camello
260 ## - PUBLICATION, DISTRIBUTION, ETC. (IMPRINT)
Place of publication, distribution, etc Las Pinas City
Name of publisher, distributor, etc Southville International School and Colleges
Date of publication, distribution, etc 2023
300 ## - PHYSICAL DESCRIPTION
Extent 34 pages ;
Dimensions 30 cm.
504 ## - BIBLIOGRAPHY, ETC. NOTE
Bibliography, etc Includes bibliographical references.
650 ## - SUBJECT ADDED ENTRY--TOPICAL TERM
Topical term or geographic name as entry element Particleboard
Source of heading or term Additives.
650 ## - SUBJECT ADDED ENTRY--TOPICAL TERM
Topical term or geographic name as entry element Composite materials
Source of heading or term Durability.
650 ## - SUBJECT ADDED ENTRY--TOPICAL TERM
Topical term or geographic name as entry element Banana peels
Source of heading or term Industrial applications.
650 ## - SUBJECT ADDED ENTRY--TOPICAL TERM
Topical term or geographic name as entry element Biodegradable materials
Source of heading or term Applications.
650 ## - SUBJECT ADDED ENTRY--TOPICAL TERM
Topical term or geographic name as entry element Musa acuminata
Source of heading or term Industrial uses.
650 ## - SUBJECT ADDED ENTRY--TOPICAL TERM
Topical term or geographic name as entry element Plant-based additives.
650 ## - SUBJECT ADDED ENTRY--TOPICAL TERM
Topical term or geographic name as entry element Sustainable materials in construction.
942 ## - ADDED ENTRY ELEMENTS (KOHA)
Source of classification or shelving scheme Library of Congress Classification
Koha item type PASS
Holdings
Withdrawn status Lost status Source of classification or shelving scheme Damaged status Home library Current library Shelving location Date acquired Source of acquisition Total Checkouts Full call number Barcode Date last seen Price effective from Koha item type
    Library of Congress Classification   Luxembourg Library Luxembourg Library Portfolio Assessment of SISC Students Section 10/18/2023 Donation   PHS TA 418.9.C6 .C36 2023 P3581 10/18/2023 10/18/2023 PASS

An analysis on the concentration of musa acuminata peel as an additive to particle board durability

APA

Camello G. T., . (2023). An analysis on the concentration of musa acuminata peel as an additive to particle board durability. Las Pinas City: Southville International School and Colleges.

Chicago

Camello Gabriel Tristan, . 2023. An analysis on the concentration of musa acuminata peel as an additive to particle board durability. Las Pinas City: Southville International School and Colleges.

Harvard

Camello G. T., . (2023). An analysis on the concentration of musa acuminata peel as an additive to particle board durability. Las Pinas City: Southville International School and Colleges.

MLA

Camello Gabriel Tristan, . An analysis on the concentration of musa acuminata peel as an additive to particle board durability. Las Pinas City: Southville International School and Colleges. 2023.

  • Print
  • Cite
  • Add to your cart (remove)
  • Save record
    BIBTEX Dublin Core MARCXML MARC (non-Unicode/MARC-8) MARC (Unicode/UTF-8) MARC (Unicode/UTF-8, Standard) MODS (XML) RIS
  • More searches
    Search for this title in:
    Other Libraries (WorldCat) Other Databases (Google Scholar) Online Stores (Bookfinder.com) Open Library (openlibrary.org)

Exporting to Dublin Core...

SOUTHVILLE LIBRARY

Southville International School and Colleges Library

1281 Tropical Ave. Cor. Luxembourg St., BF Homes International, Las Pinas City

Tel. No. 8256374 / 252358 Loc. 117/146

Powered by Koha